MARC details
| 000 -LEADER |
| fixed length control field |
02683cas a2200637 a 4500 |
| 001 - CONTROL NUMBER |
| control field |
data |
| 005 - DATE AND TIME OF LATEST TRANSACTION |
| control field |
20260322212118.0 |
| 008 - FIXED-LENGTH DATA ELEMENTS--GENERAL INFORMATION |
| fixed length control field |
data |
| 010 ## - LIBRARY OF CONGRESS CONTROL NUMBER |
| LC control number |
09022953 |
| 019 ## - |
| -- |
1421857771 |
| -- |
1421857771 |
| 022 0# - INTERNATIONAL STANDARD SERIAL NUMBER |
| International Standard Serial Number |
0749-1883 |
| Source |
1 |
| 023 0# - CLUSTER ISSN |
| Cluster ISSN |
0749-1883 |
| Source |
1 |
| 029 1# - OTHER SYSTEM CONTROL NUMBER (OCLC) |
| OCLC library identifier |
AU@ |
| System control number |
000000926543 |
| 029 1# - OTHER SYSTEM CONTROL NUMBER (OCLC) |
| OCLC library identifier |
AU@ |
| System control number |
000055524202 |
| 035 ## - SYSTEM CONTROL NUMBER |
| System control number |
(OCoLC)8894398 |
| 040 ## - CATALOGING SOURCE |
| Original cataloging agency |
NYG |
| Language of cataloging |
eng |
| Transcribing agency |
NYG |
| Modifying agency |
ZYU |
| -- |
NSD |
| -- |
DLC |
| -- |
NST |
| -- |
LVB |
| -- |
EEM |
| -- |
NIALS |
| -- |
OCLCQ |
| -- |
OCLCF |
| -- |
AOW |
| -- |
OCLCQ |
| -- |
OCLCO |
| -- |
OCLCA |
| -- |
OCLCO |
| -- |
OCLCL |
| -- |
OCLCQ |
| -- |
ZYU |
| 042 ## - AUTHENTICATION CODE |
| Authentication code |
nsdp |
| -- |
nsdp |
| 050 00 - LIBRARY OF CONGRESS CALL NUMBER |
| Classification number |
B21 |
| Item number |
.C25 |
| 082 00 - DEWEY DECIMAL CLASSIFICATION NUMBER |
| Classification number |
100 |
| Edition information |
19 |
| Real World Object URI |
https://id.oclc.org/worldcat/ddc/E3pfGWC4fMC8hTwDvhvvvPFXYC |
| 210 0# - ABBREVIATED TITLE |
| Abbreviated title |
Univ. Calif. publ. philos. |
| 222 #0 - KEY TITLE |
| Key title |
University of California publications in philosophy |
| 245 00 - TITLE STATEMENT |
| Title |
University of California publications in philosophy. |
| 246 3# - VARYING FORM OF TITLE |
| Title proper/short title |
Publications in philosophy |
| 264 #1 - PRODUCTION, PUBLICATION, DISTRIBUTION, MANUFACTURE, AND COPYRIGHT NOTICE |
| Place of production, publication, distribution, manufacture |
Berkeley [Calif.] : |
| Name of producer, publisher, distributor, manufacturer |
University Press, |
| Date of production, publication, distribution, manufacture, or copyright notice |
1909- |
| 300 ## - PHYSICAL DESCRIPTION |
| Extent |
volumes ; |
| Dimensions |
24-26 cm |
| 310 ## - CURRENT PUBLICATION FREQUENCY |
| Current publication frequency |
Irregular |
| 336 ## - CONTENT TYPE |
| Content type term |
text |
| Content type code |
txt |
| Source |
rdacontent |
| 337 ## - MEDIA TYPE |
| Media type term |
unmediated |
| Media type code |
n |
| Source |
rdamedia |
| 338 ## - CARRIER TYPE |
| Carrier type term |
volume |
| Carrier type code |
nc |
| Source |
rdacarrier |
| 362 0# - DATES OF PUBLICATION AND/OR SEQUENTIAL DESIGNATION |
| Dates of publication and/or sequential designation |
Vol. 2, no. 1 (May 15, 1909)- |
| 362 1# - DATES OF PUBLICATION AND/OR SEQUENTIAL DESIGNATION |
| Dates of publication and/or sequential designation |
Ceased with: Vol. 36, published in 1965. |
| 500 ## - GENERAL NOTE |
| General note |
Title from cover. |
| 500 ## - GENERAL NOTE |
| General note |
Each issue bears also a distinct title. |
| 555 ## - CUMULATIVE INDEX/FINDING AIDS NOTE |
| Cumulative index/finding aids note |
Vol. 1 (1904) [under earlier serial title]-v. 19 (1936) indexed in: University of California, Berkeley. Dept. of Philosophy. Philosophical bibliography series. |
| 588 1# - SOURCE OF DESCRIPTION NOTE |
| Source of description note |
Vol. 36 (surrogate) |
| 590 ## - LOCAL NOTE (RLIN) |
| Local note |
SERBIB/SERLOC merged record |
| 650 #0 - SUBJECT ADDED ENTRY--TOPICAL TERM |
| Topical term or geographic name entry element |
Philosophy. |
| 650 #2 - SUBJECT ADDED ENTRY--TOPICAL TERM |
| Topical term or geographic name entry element |
Philosophy |
| 650 #6 - SUBJECT ADDED ENTRY--TOPICAL TERM |
| Topical term or geographic name entry element |
Philosophie |
| Form subdivision |
Collections. |
| 650 #6 - SUBJECT ADDED ENTRY--TOPICAL TERM |
| Topical term or geographic name entry element |
Philosophie. |
| 650 #7 - SUBJECT ADDED ENTRY--TOPICAL TERM |
| Topical term or geographic name entry element |
philosophy. |
| Source of heading or term |
aat |
| 650 #7 - SUBJECT ADDED ENTRY--TOPICAL TERM |
| Topical term or geographic name entry element |
Philosophy. |
| Source of heading or term |
fast |
| Authority record control number or standard number |
(OCoLC)fst01060777 |
| 655 #2 - INDEX TERM--GENRE/FORM |
| Genre/form data or focus term |
Periodical |
| 710 2# - ADDED ENTRY--CORPORATE NAME |
| Corporate name or jurisdiction name as entry element |
University of California, Berkeley. |
| Real World Object URI |
https://id.oclc.org/worldcat/entity/E39QH7JmtdhhRVgpGjFRFYkXM6 |
| 710 2# - ADDED ENTRY--CORPORATE NAME |
| Corporate name or jurisdiction name as entry element |
University of California (System), |
| Relator term |
issuing body. |
| 710 2# - ADDED ENTRY--CORPORATE NAME |
| Corporate name or jurisdiction name as entry element |
University of California (1868-1952), |
| Relator term |
issuing body. |
| 775 08 - OTHER EDITION ENTRY |
| Relationship information |
Johnson Reprint edition (1969): |
| Title |
University of California publications. Philosophy |
| International Standard Serial Number |
0749-1883 |
| Record control number |
(OCoLC)8487102 |
| 776 08 - ADDITIONAL PHYSICAL FORM ENTRY |
| Relationship information |
Online version: |
| Title |
University of California publications in philosophy |
| Record control number |
(OCoLC)709433439 |
| 780 00 - PRECEDING ENTRY |
| Title |
University of California publications. Philosophy |
| International Standard Serial Number |
0749-1883 |
| Record control number |
(OCoLC)1552480 |
| -- |
(OCoLC)1552480 |
| 890 ## - |
| -- |
California. University. University of California publications in philosophy. |
| -- |
09-22953 |
| 906 ## - LOCAL DATA ELEMENT F, LDF (RLIN) |
| a |
7 |
| b |
cbc |
| c |
serials |
| d |
3 |
| e |
ncip |
| f |
19 |
| g |
n-oclcserc |
| 920 ## - |
| -- |
Keep 2 |
| 991 ## - |
| -- |
c-GenColl |
| -- |
B21 |
| -- |
.C25 |
| -- |
SERIALS |
| 992 ## - |
| -- |
call x7-5305 |
| -- |
SERLOC |